| 000 | 00000nam##2200000za#4500 |
| 001 | 9.670039 |
| 003 | CaOODSP |
| 005 | 20210615125228 |
| 007 | ta |
| 008 | 150407|2008||||xxc||||| f|0| 0 eng|d |
| 020 | |a978-0-662-06030-7 |
| 040 | |aCaOODSP|beng |
| 041 | |aeng |
| 041 | |afre |
| 043 | |an-cn--- |
| 086 | 1 |aPS4-58/2008 |
| 110 | 1 |aCanada. |bPublic Safety Canada. |
| 245 | 10|aFamily-based risk and protective factors and their effects on juvenile delinquency: what do we know? |
| 246 | 1 |aYouth at risk |
| 260 | |bPublic Safety Canada |cc2008. |
| 300 | |aEnglish text, 6p. : |breferences, tables ; |c28 cm. |
| 563 | |aSoftcover |
| 590 | |a09-09|b2009-02-27 |
| 690 | 07|aYoung offenders|2gcpds |
| 776 | 0#|tFacteurs de risque et de protection dans les familles et leurs effets sur la délinquance juvénile: ce que nous en savons |w(CaOODSP)9.635243 |
| 776 | 0#|tFamily-based risk and protective factors and their effects on juvenile delinquency: what we know |w(CaOODSP)9.690899 |
| 792 | |tFacteurs de risque et de protection dans les familles et leurs effets sur la délinquance juvénile: qu'en savons nous? |efre|w(CaOODSP)9.670040 |
| 986 | |a2008-YR-01 |